Production of Biosurfactant Produced from Used Cooking Oil by Bacillus sp. HIP3 for Heavy Metals Removal
Este estudio comprende el uso de biosurfactantes como estrategia para la remocin̤ de metales pesados provenientes de residuos industriales; estos compuestos tienen diversas propiedades incluyendo la disminucin̤ de la tensin̤ superficial e interfacial, acta͠n como estabilizantes de emulsiones, promu...
Gespeichert in:
| Weitere Verfasser: | , , , , |
|---|---|
| Format: | Buch |
| Sprache: | Englisch |
| Schlagworte: | |
| Online-Zugang: | Production of Biosurfactant Produced from Used Cooking Oil by Bacillus sp. HIP3 for Heavy Metals Removal |
| Tags: |
Tag hinzufügen
Keine Tags, Fügen Sie den ersten Tag hinzu!
|
MARC
| LEADER | 00000nam a22000004a 4500 | ||
|---|---|---|---|
| 001 | vpro14930 | ||
| 005 | 20201223000000.0 | ||
| 008 | 190831s2019 ck # g## #001 0#eng#d | ||
| 020 | |||
| 022 | |a 1420-3049 | ||
| 040 | |a CO-BoINGC | ||
| 041 | 0 | |a eng | |
| 245 | 1 | 0 | |a Production of Biosurfactant Produced from Used Cooking Oil by Bacillus sp. HIP3 for Heavy Metals Removal |
| 246 | |a Produccin̤ de biosurfactante por Bacillus sp. HIP3 a partir de aceite de cocina usado para la remocin̤ de metales pesados | ||
| 264 | |a Bogot ̀(Colombia) : |b Revista VirtualPRO, |c 2019 | ||
| 520 | 3 | |a Este estudio comprende el uso de biosurfactantes como estrategia para la remocin̤ de metales pesados provenientes de residuos industriales; estos compuestos tienen diversas propiedades incluyendo la disminucin̤ de la tensin̤ superficial e interfacial, acta͠n como estabilizantes de emulsiones, promueven la formacin̤ de espuma, alta selectividad y actividad especf̕ica a temperaturas extremas, pH y salinidad. Adems̀, pueden ser sintetizados a partir de recursos renovables. En este caso, fue realizada la seleccin̤, aislamiento y caracterizacin̤ de bacterias con capacidad productora de biosurfactante a partir de aceite de cocina usado como sustrato. El estudio describe el proceso productivo, caracters̕ticas y propiedades del biosurfactante producido por Bacillus sp. HIP3 como una estrategia econm̤ica para la remocin̤ de metales pesados. | |
| 650 | \ | \ | |a Microorganismos biotecnolg̤icos |
| 650 | \ | \ | |a Microorganismos |
| 650 | \ | \ | |a Microbiologa̕ |
| 650 | \ | \ | |a Biotecnologa̕ |
| 650 | \ | \ | |a Biotechnological microorganisms |
| 650 | \ | \ | |a Microorganisms |
| 650 | \ | \ | |a Microbiology |
| 650 | \ | \ | |a Biotechnology |
| 650 | \ | \ | |a Aceite de cocina usado |
| 650 | \ | \ | |a Biosurfactantes |
| 650 | \ | \ | |a Bacillus sp. HIP3 |
| 650 | \ | \ | |a Bacterias degradadoras de aceite |
| 650 | \ | \ | |a Surfactantes |
| 650 | \ | \ | |a Used cooking oil |
| 650 | \ | \ | |a Biosurfactants |
| 650 | \ | \ | |a Bacillus sp. HIP3 |
| 650 | \ | \ | |a Oil-degrading bacteria |
| 650 | \ | \ | |a Surfactants |
| 700 | \ | \ | |a Badrul Hisham Nurul Hanisah Md |
| 700 | \ | \ | |a Ibrahim Mohamad Faizal |
| 700 | \ | \ | |a Ramli Norhayati |
| 700 | \ | \ | |a Abd-Aziz Suraini |
| 700 | \ | \ | |a MDPI |
| 856 | |z Production of Biosurfactant Produced from Used Cooking Oil by Bacillus sp. HIP3 for Heavy Metals Removal |u https://virtualpro.unach.elogim.com/biblioteca/produccion-de-biosurfactante-por-bacillus-sp-hip3-a-partir-de-aceite-de-cocina-usado-para-la-remocion-de-metales-pesados | ||